সাম্প্রতিক বিবেচনা : (Record no. 2767)
[ view plain ]
| 000 -LEADER | |
|---|---|
| fixed length control field | 00956nam a22002177a 4500 |
| 003 - CONTROL NUMBER IDENTIFIER | |
| control field | BD-DhJNU |
| 005 - DATE AND TIME OF LATEST TRANSACTION | |
| control field | 20260505043120.0 |
| 008 - FIXED-LENGTH DATA ELEMENTS--GENERAL INFORMATION | |
| fixed length control field | 260505b |||||||| |||| 00| 0 eng d |
| 020 ## - INTERNATIONAL STANDARD BOOK NUMBER | |
| International Standard Book Number | 9844081378 |
| 040 ## - CATALOGING SOURCE | |
| Original cataloging agency | BD-DhJNU |
| Language of cataloging | ENG |
| Transcribing agency | BD-DhJNU |
| Modifying agency | BD-DhJNU |
| 082 ## - DEWEY DECIMAL CLASSIFICATION NUMBER | |
| Edition number | 23 |
| Classification number | 891.444 SOR |
| 100 ## - MAIN ENTRY--PERSONAL NAME | |
| Personal name | ছফা, আহমদ |
| 242 ## - TRANSLATION OF TITLE BY CATALOGING AGENCY | |
| Title | Recent consideration : |
| Remainder of title | the new ordering of intellectuals / |
| Statement of responsibility, etc. | Ahmed Sofa |
| 245 ## - TITLE STATEMENT | |
| Title | সাম্প্রতিক বিবেচনা : |
| Remainder of title | বুদ্ধিবৃত্তির নতুন বিন্যাস / |
| Statement of responsibility, etc. | আহমদ ছফা |
| 246 ## - VARYING FORM OF TITLE | |
| Title proper/short title | Samprotiq bibechona : |
| Remainder of title | buddhibrittir natun binnas / |
| 260 ## - PUBLICATION, DISTRIBUTION, ETC. | |
| Place of publication, distribution, etc. | ঢাকা : |
| Name of publisher, distributor, etc. | খান ব্রাদার্স অ্যান্ড কোম্পানি, |
| Date of publication, distribution, etc. | 2020. |
| 300 ## - PHYSICAL DESCRIPTION | |
| Extent | ৯৩ পৃ. : |
| Other physical details | চিত্র ; |
| Dimensions | ২২ সেমি. । |
| 650 ## - SUBJECT ADDED ENTRY--TOPICAL TERM | |
| Topical term or geographic name entry element | বাংলা সাহিত্য |
| 650 ## - SUBJECT ADDED ENTRY--TOPICAL TERM | |
| Topical term or geographic name entry element | Bangla Literature |
| 942 ## - ADDED ENTRY ELEMENTS (KOHA) | |
| Source of classification or shelving scheme | Dewey Decimal Classification |
| Koha item type | Books |
| Suppress in OPAC | No |
| Withdrawn status | Lost status | Source of classification or shelving scheme | Damaged status | Not for loan | Collection | Home library | Current library | Shelving location | Date acquired | Source of acquisition | Total checkouts | Full call number | Barcode | Date last seen | Copy number | Price effective from | Koha item type |
|---|---|---|---|---|---|---|---|---|---|---|---|---|---|---|---|---|---|
| Dewey Decimal Classification | Non-fiction | Jagannath University Central Library | Jagannath University Central Library | General stacks | 05/05/2026 | Purchased | 891.444 SOR | JNUCL35304 | 05/05/2026 | 1 | 05/05/2026 | Books |